| 000 | 00901nam a2200277 i 4500 | ||
|---|---|---|---|
| 003 | DO-SdBNP | ||
| 005 | 20250825102503.0 | ||
| 007 | ta | ||
| 008 | 250825t2025 dr c 000 0 spa d | ||
| 020 | _z9789945292251 | ||
| 040 |
_aDO-SdBNP _bspa _cBNPHU _erda |
||
| 041 | _aspa | ||
| 082 |
_axxxx _bO77 _222 |
||
| 100 | 1 |
_aOrtiz Cubilete, Julio César _eautor _4aut. _988485 |
|
| 245 | 1 | 0 |
_aTemas básicos vinculantes al INAPA conforme a las leyes / _cJulio César Ortiz Cubilete |
| 264 | 1 |
_aSanto Domingo : _bGráfica Willian, _c2025. |
|
| 300 |
_a169 páginas _bretratos _c23 cm. |
||
| 336 |
_atexto _btxt _2rdacontent |
||
| 337 |
_asin mediación _bn _2rdamedia |
||
| 338 |
_avolumen _bnc _2rdacarrier |
||
| 500 | _aIncluye datos biográficos del autor en la contracubierta. | ||
| 504 | _aBibliografía p: 159-169. | ||
| 590 | _aInventariado, 2025/ YL | ||
| 910 | _aYLockward | ||
| 942 |
_2ddc _cLBS1 |
||
| 999 |
_c59813 _d59813 |
||